| 000 | 00618nam a2200205 a 4500 | ||
|---|---|---|---|
| 001 | BRCA_965 | ||
| 005 | 20190320203226.0 | ||
| 008 | 880219s1988 nyua---##b---#001-0#eng-# | ||
| 020 | _a0500235317 | ||
| 040 |
_aDLC _cDLC _dDLC |
||
| 050 | 4 |
_aNK1452 _b.S63 1988 |
|
| 100 | 1 |
_aSparke, Penny _93186 |
|
| 245 | 1 | 0 |
_aItalian design _b1870 to the present _cPenny Sparke. |
| 260 |
_aLondres _bThames and Hudson _c1988 |
||
| 300 |
_a240 p. _bil. (algunas a color) _c30 cm. |
||
| 500 | _aIncluye índice alfabético | ||
| 504 | _aBibliografía: p. 233-236 | ||
| 650 | 1 | 4 |
_aDiseño _xHistoria _ySiglo XX _zItalia _93187 |
| 942 |
_2lcc _cB |
||
| 999 |
_c851 _d851 |
||